English Words of Greek Origin - Statistics

General Stats
  • This quiz has been taken 1,043 times
    915 since last reset
  • The average score is 18 of 25
Answer Stats
Greek word & definition English word(s) % Correct
δύναμις (dynamis), meaning 'power' dynamite, dynasty, dynamic
92%
βίβλος (biblos), meaning 'book' Bible, bibliography
90%
δήμος (dēmos), meaning 'people' democracy, demography
90%
γράμμα (gramma), meaning 'writing' grammar, monogram
90%
ψυχή (psychē), meaning 'soul' psychology, psychiatry, psychic
88%
ζῷον (zōon), meaning 'living creature' zoo, zoology, zodiac
88%
χρόνος (chronos), meaning 'time' chronic, chronology, chronological
84%
γράφω (graphō), meaning 'to write' graph, graphic, photograph
83%
κόσμος (kosmos), meaning 'world/universe' cosmic, cosmos
78%
ἔθνος (ethnos), meaning 'race/nation' ethnic, ethnicity
78%
φῶς (phōs), meaning 'light' photograph, phosphorus
78%
φύσις (physis), meaning 'nature' physical, physics
76%
θέρμη (thermē), meaning 'heat' thermal, thermometer
76%
αὐτός (autos), meaning 'self' autograph, automatic
74%
πνεῦμα (pneuma), meaning 'breath' pneumatic, pneumonia
73%
πῦρ (pyr), meaning 'fire' pyrotechnic, pyromania
72%
σοφία (sophia), meaning 'wisdom' philosophy, sophisticated
68%
κύκλῳ (kyklō), meaning 'circle/wheel' cycle, bicycle
66%
γῆ (), meaning 'earth/world' geography, geology
65%
ὕδωρ (hydōr), meaning 'water' hydration, hydraulic, hydroelectric
60%
κρυπτός (kruptós), meaning 'hidden' crypt, cryptic, cryptocurrency
55%
δέκα (deka), meaning 'ten' decade, decathalon, decagon
55%
σύν (syn), meaning 'with' synthesis, synthetic, synonym
51%
ἐπί (epi), meaning 'on' epidermis, epitaph
49%
ὑπό (hypo), meaning 'by' or 'under' hypocrite, hypodermic
31%
No matching quizzes found
Score Distribution
Percent of People with Each Score
Percentile by Number Answered
Your Score History
You have not taken this quiz since the last reset